Loading...
| History - European | 0 | 5 | 1 | 0 | 45 | 43 | 58.00 | 3 | 5 | 23.03 | 39.17 |
| Literature - American | 0 | 4 | 0 | 0 | 40 | 43 | 91.50 | 1 | 2 | 11.53 | 25.00 |
| Religion | 0 | 4 | 0 | 0 | 40 | 53 | 72.50 | 1 | 3 | 15.68 | 26.67 |
| Fine Arts - Painting and Sculpture | 0 | 4 | 1 | 0 | 35 | 57 | 94.25 | 1 | 3 | 10.91 | 23.33 |
| Literature - European | 0 | 3 | 0 | 0 | 30 | 32 | 54.67 | 3 | 3 | 15.18 | 25.00 |
| Philosophy | 0 | 3 | 0 | 0 | 30 | 41 | 55.67 | 3 | 3 | 14.37 | 25.00 |
| History - Other | 0 | 2 | 0 | 1 | 20 | 31 | 76.00 | 1 | 1 | 6.33 | 10.00 |
| Fine Arts - Other | 0 | 2 | 1 | 0 | 15 | 91 | 112.00 | 0 | 1 | 3.43 | 10.83 |
| Literature - World | 0 | 2 | 1 | 0 | 15 | 34 | 56.00 | 1 | 1 | 9.97 | 12.50 |
| Other Academic | 0 | 1 | 0 | 0 | 10 | 123 | 123.00 | 0 | 1 | 6.54 | 23.33 |
| Pop Culture | 0 | 1 | 0 | 0 | 10 | 97 | 97.00 | 0 | 0 | 15.36 | 10.00 |
| Literature - British | 0 | 1 | 0 | 0 | 10 | 71 | 71.00 | 0 | 1 | 3.88 | 7.50 |
| Mythology | 0 | 1 | 1 | 0 | 5 | 61 | 61.00 | 0 | 1 | 4.48 | 7.50 |
| Science - Other | 0 | 0 | 1 | 0 | -5 | 0.00 | 0 | 0 | 0.00 | 0.00 | |
| Science - Physics | 0 | 0 | 1 | 0 | -5 | 0.00 | 0 | 0 | 0.00 | 0.00 |